[Event "Alicante Universitario-ch"]
[White "Bayo Milagro, Alvaro"]
[Black "Gutierrez Valero, Mario"]
[Site "Alicante"]
[Round "3.7"]
[Result "1-0"]
[Date "2019.04.09"]
[WhiteElo "2333"]
[BlackElo "2220"]
[PlyCount "53"]
[EventDate "2019.04.09"]
[EventType "swiss"]
[EventRounds "9"]
[EventCountry "ESP"]
[SourceTitle "CBM 190 Extra"]
[Source "ChessBase"]
[SourceDate "2019.07.15"]
[SourceVersion "1"]
[SourceVersionDate "2019.07.15"]
[SourceQuality "1"]

1. d4 Nf6 2. c4 g6 3. Nc3 Bg7 4. e4 d6 5. Nf3 0-0 6. Be2 e5 7. d5 a5 8. Bg5 h6 9. Be3 Ng4 10. Bd2 f5 11. h3 Nf6 12. exf5 gxf5 13. Qc1 f4 14. g3 e4 15. Nh4 e3 16. fxe3 fxg3 17. Ng6 Re8 18. 0-0 Bxh3 19. Rf4 Na6 20. Qe1 Qd7 21. Qxg3 Bf5 22. Nh4 Ne4 23. Nxe4 Bxe4 24. Bg4 Qd8 25. Be6+ Rxe6 26. dxe6 Bh7 27. Bc3 1-0

[Event "Andalucia-chT Honor Occidental"]
[White "Urbina Perez, Juan Antonio"]
[Black "Gutierrez Valero, Mario"]
[Site "Andalucia"]
[Round "6.12"]
[Result "1/2-1/2"]
[Date "2018.11.17"]
[WhiteElo "2281"]
[BlackElo "2228"]
[PlyCount "110"]
[EventDate "2018.09.30"]
[EventType "team-tourn"]
[EventRounds "7"]
[EventCountry "ESP"]
[SourceTitle "EXT 2020"]
[Source "ChessBase"]
[SourceDate "2019.10.17"]
[SourceVersion "1"]
[SourceVersionDate "2019.10.17"]
[SourceQuality "1"]
[WhiteTeam "Shahmat"]
[BlackTeam "Espartinas Alekhine"]
[WhiteTeamCountry "ESP"]
[BlackTeamCountry "ESP"]

1. e4 c5 2. Nf3 Nc6 3. Bb5 Nf6 4. Bxc6 dxc6 5. d3 Bg4 6. Nbd2 Nd7 7. h3 Bh5 8. b3 e5 9. Bb2 f6 10. Nf1 Be7 11. Ng3 Bf7 12. Nf5 g6 13. Nxe7 Qxe7 14. Qe2 Nf8 15. Qe3 Ne6 16. Ng1 0-0-0 17. 0-0-0 h5 18. Ne2 h4 19. f4 Nd4 20. fxe5 Qxe5 21. Rdf1 g5 22. Nxd4 cxd4 23. Qf3 Rh6 24. Ba3 Rg8 25. Qf5+ Be6 26. Qxe5 fxe5 27. Rf2 Kd7 28. c3 dxc3 29. Bb4 g4 30. hxg4 Rxg4 31. Bxc3 Kd6 32. Kc2 Rhg6 33. Rh2 b5 34. Be1 c5 35. Rd2 Rh6 36. Kb2 Rh8 37. Bf2 Rh7 38. Be1 Rh8 39. Bf2 Rh7 40. Be1 Kc6 41. Re2 c4 42. dxc4 bxc4 43. Rh3 Rf4 44. Rc3 Rg4 45. bxc4 Rd7 46. Rh3 Bxc4 47. Rc2 Rxe4 48. Bxh4 Rh7 49. Bf2 Rxh3 50. gxh3 a6 51. Rc1 Re2+ 52. Rc2 Rxc2+ 53. Kxc2 Bxa2 54. Kb2 Bf7 55. Ka1 a5 1/2-1/2

[Event "Andalucia-chT Honor Occidental"]
[White "Gutierrez Valero, Mario"]
[Black "Bernabeu Lopez, Carlos Javier"]
[Site "Andalucia"]
[Round "2.17"]
[Result "1/2-1/2"]
[Date "2018.10.07"]
[WhiteElo "2228"]
[BlackElo "2353"]
[PlyCount "62"]
[EventDate "2018.09.30"]
[EventType "team-tourn"]
[EventRounds "7"]
[EventCountry "ESP"]
[SourceTitle "EXT 2020"]
[Source "ChessBase"]
[SourceDate "2019.10.17"]
[SourceVersion "1"]
[SourceVersionDate "2019.10.17"]
[SourceQuality "1"]
[WhiteTeam "Espartinas Alekhine"]
[BlackTeam "Reina Brillante"]
[WhiteTeamCountry "ESP"]
[BlackTeamCountry "ESP"]

1. d4 Nf6 2. c4 e6 3. Nf3 d5 4. g3 Bb4+ 5. Bd2 Be7 6. Bg2 0-0 7. 0-0 Nbd7 8. Qc2 c6 9. Bf4 Ne4 10. Nfd2 Nd6 11. e4 Nxe4 12. Nxe4 dxe4 13. Qxe4 Qb6 14. b3 Nf6 15. Qe3 Rd8 16. Rd1 Bc5 17. Be5 Ng4 18. Qe2 Nxe5 19. dxc5 Rxd1+ 20. Qxd1 Qxc5 21. Qd8+ Qf8 22. Qc7 Ng6 23. Nc3 Qe7 24. Qxe7 Nxe7 25. Rd1 f5 26. f4 Kf7 27. Rd8 Ng6 28. c5 Ke7 29. Rg8 Kf7 30. Rd8 Ke7 31. Rg8 Kf7 1/2-1/2

[Event "ESP-chT CECLUB Div2"]
[White "Sos Andreu, Eric"]
[Black "Gutierrez Valero, Mario"]
[Site "Linares"]
[Round "5"]
[Result "1-0"]
[Date "2016.08.19"]
[WhiteElo "2369"]
[BlackElo "2234"]
[PlyCount "99"]
[EventDate "2016.08.16"]
[EventType "team"]
[EventRounds "6"]
[EventCountry "ESP"]
[SourceTitle "CBM 174 Extra"]
[Source "ChessBase"]
[SourceDate "2016.10.10"]
[SourceVersion "1"]
[SourceVersionDate "2016.10.10"]
[SourceQuality "1"]
[WhiteTeam "Circulo Mercantil de Castellon"]
[BlackTeam "Alekhine Espartinas"]
[WhiteTeamCountry "ESP"]
[BlackTeamCountry "ESP"]

1. Nf3 Nf6 2. c4 g6 3. Nc3 Bg7 4. e4 d6 5. d4 0-0 6. Be2 e5 7. 0-0 Nc6 8. d5 Ne7 9. b4 Nh5 10. Re1 a5 11. Ba3 axb4 12. Bxb4 Nf4 13. Bf1 Bg4 14. h3 Bxf3 15. Qxf3 c5 16. dxc6 Nxc6 17. Rab1 Ne6 18. Qd1 Ned4 19. a4 Nxb4 20. Rxb4 Qa5 21. Nd5 Rfd8 22. Bd3 Ne6 23. Bc2 Nc5 24. Rb5 Qa7 25. Nb6 Bf8 26. Qd5 Rac8 27. Nxc8 Rxc8 28. Reb1 Rc7 29. h4 Qa8 30. h5 Qd8 31. hxg6 hxg6 32. Qd2 Qh4 33. g3 Qh3 34. Qe2 Be7 35. Qf1 Qe6 36. Kg2 Kg7 37. Qe2 Rc8 38. Rh1 Bg5 39. Rb6 Bd8 40. Rbb1 Bg5 41. Rh3 Ra8 42. Rbh1 Nxa4 43. Qf3 Nb6 44. Rh7+ Kf8 45. Qb3 Bd8 46. Rh8+ Ke7 47. Rxd8 Ra6 48. c5 Ra8 49. Bd3 Nc4 50. Bc2 1-0

[Event "ESP-chT CECLUB Div2"]
[White "Gutierrez Valero, Mario"]
[Black "Fernandez Diaz, Ignacio"]
[Site "Linares"]
[Round "1.8"]
[Result "1-0"]
[Date "2014.08.18"]
[WhiteElo "2198"]
[BlackElo "2004"]
[PlyCount "97"]
[EventDate "2014.08.18"]
[EventType "team-swiss"]
[EventRounds "6"]
[EventCountry "ESP"]
[SourceTitle "CBM 162 Extra"]
[Source "ChessBase"]
[SourceDate "2014.10.17"]
[SourceVersion "1"]
[SourceVersionDate "2014.10.17"]
[SourceQuality "1"]
[WhiteTeam "Espartinas Alekhine"]
[BlackTeam "Grupo 64"]
[WhiteTeamCountry "ESP"]
[BlackTeamCountry "ESP"]

1. d4 Nf6 2. c4 e6 3. Nf3 d5 4. g3 dxc4 5. Bg2 Bb4+ 6. Bd2 c5 7. Bxb4 cxb4 8. Qa4+ Nc6 9. Ne5 0-0 10. Nxc6 bxc6 11. Qxb4 Nd5 12. Qxc4 Qb6 13. Qc1 Rb8 14. 0-0 Ba6 15. Nd2 Qxd4 16. Nb3 Qb6 17. Re1 Rfd8 18. Nc5 Bb7 19. e4 Nb4 20. Bf1 Na6 21. Bxa6 Bxa6 22. Qc3 Rd6 23. Rad1 Rbd8 24. Rxd6 Rxd6 25. Rc1 h6 26. Kg2 Qb5 27. a3 Qb6 28. b4 Qb5 29. a4 Qe2 30. Nxa6 Qxa6 31. Qc5 Qd3 32. Qc4 Qd2 33. e5 Qd5+ 34. Qxd5 Rxd5 35. Rxc6 Rxe5 36. Ra6 Re4 37. b5 Rb4 38. Rxa7 Kf8 39. Kf3 g6 40. Ke3 Rb2 41. h4 Kg7 42. Ra6 Kf6 43. b6 Ke5 44. a5 Kd5 45. Ra7 f5 46. b7 Kc6 47. a6 Kc7 48. Ra8 Rb4 49. Rc8+ 1-0

[Event "ESP-chT CECLUB Div2 Gp2"]
[White "Gutierrez Valero, Mario"]
[Black "Ivanov, Jordan"]
[Site "Burguillos"]
[Round "2.3"]
[Result "0-1"]
[Date "2012.08.09"]
[WhiteElo "2126"]
[BlackElo "2359"]
[PlyCount "54"]
[EventDate "2012.08.08"]
[EventType "team-swiss"]
[EventRounds "6"]
[EventCountry "ESP"]
[SourceTitle "CBM 149 Extra"]
[Source "ChessBase"]
[SourceDate "2012.08.24"]
[SourceVersion "1"]
[SourceVersionDate "2012.08.24"]
[SourceQuality "1"]
[WhiteTeam "Alekhine Espartinas"]
[BlackTeam "Silla"]
[WhiteTeamCountry "ESP"]
[BlackTeamCountry "ESP"]

1. d4 d6 2. c4 e5 3. Nf3 Nd7 4. Nc3 g6 5. e4 Bg7 6. Be3 Ngf6 7. h3 exd4 8. Nxd4 0-0 9. g3 a6 10. Bg2 Rb8 11. 0-0 Ne5 12. b3 c5 13. Nde2 Nc6 14. f4 Qe7 15. Qd2 Rd8 16. a4 Nb4 17. Rad1 b6 18. e5 Ne8 19. Ne4 Bf5 20. exd6 Qe6 21. Ng5 Qc8 22. Nc3 Nxd6 23. Nge4 Nxe4 24. Qxd8+ Qxd8 25. Rxd8+ Rxd8 26. Nxe4 Bxe4 27. Bxe4 Re8 0-1

[Event "ESP-ch U18"]
[White "Gutierrez Valero, Mario"]
[Black "Perera Borrego, Mariela"]
[Site "Salobrena"]
[Round "9"]
[Result "0-1"]
[Date "2012.07.29"]
[WhiteElo "2135"]
[BlackElo "2066"]
[PlyCount "52"]
[EventDate "2012.07.23"]
[EventType "swiss"]
[EventRounds "9"]
[EventCountry "ESP"]
[SourceTitle "EXT 2014"]
[Source "ChessBase"]
[SourceDate "2013.11.20"]
[SourceVersion "1"]
[SourceVersionDate "2013.11.20"]
[SourceQuality "1"]

1. d4 d5 2. Nf3 Nf6 3. c4 c6 4. Nc3 a6 5. e3 g6 6. Bd3 Bg7 7. 0-0 0-0 8. Ne5 dxc4 9. Bxc4 b5 10. Bd3 Bb7 11. f4 Nbd7 12. Ne4 Nxe4 13. Bxe4 Nxe5 14. fxe5 Qb6 15. b4 Rad8 16. Qb3 Rxd4 17. Bxg6 Rd5 18. Bh5 Bxe5 19. Rb1 Bxh2+ 20. Kxh2 Rxh5+ 21. Kg1 c5 22. bxc5 Qh6 23. Rf4 Rh1+ 24. Kf2 Qg6 25. e4 Bxe4 26. Rxe4 Qxe4 0-1

[Event "ESP-ch U18"]
[White "Fernandez Gonzalez, Sergio"]
[Black "Gutierrez Valero, Mario"]
[Site "Salobrena"]
[Round "8"]
[Result "0-1"]
[Date "2012.07.28"]
[WhiteElo "1959"]
[BlackElo "2135"]
[PlyCount "72"]
[EventDate "2012.07.23"]
[EventType "swiss"]
[EventRounds "9"]
[EventCountry "ESP"]
[SourceTitle "EXT 2014"]
[Source "ChessBase"]
[SourceDate "2013.11.20"]
[SourceVersion "1"]
[SourceVersionDate "2013.11.20"]
[SourceQuality "1"]

1. e4 c5 2. c3 d5 3. exd5 Qxd5 4. d4 Nc6 5. Nf3 Bg4 6. Be2 cxd4 7. cxd4 e6 8. h3 Bh5 9. Nc3 Bb4 10. 0-0 Qa5 11. d5 exd5 12. Re1 Nge7 13. a3 Bxc3 14. bxc3 0-0 15. Bd2 Qc7 16. g4 Bg6 17. Qc1 Rad8 18. Bf4 Qc8 19. Qb2 Be4 20. Rad1 Ng6 21. Bg3 f5 22. Nd4 f4 23. Bh2 Nxd4 24. Rxd4 Ne5 25. c4 Nc6 26. Rd2 d4 27. c5 Kh8 28. Bb5 Rde8 29. Rde2 Bd5 30. Qd2 f3 31. Bxc6 Rxe2 32. Rxe2 fxe2 33. Bxd5 Qe8 34. Qe1 d3 35. Bc4 Qe4 36. Bd6 Re8 0-1

[Event "ESP-ch U16"]
[White "Gutierrez Valero, Mario"]
[Black "Alonso Vara, Maria"]
[Site "Salobrena"]
[Round "8"]
[Result "1-0"]
[Date "2012.07.20"]
[WhiteElo "2135"]
[BlackElo "1833"]
[PlyCount "49"]
[EventDate "2012.07.16"]
[EventType "swiss"]
[EventRounds "9"]
[EventCountry "ESP"]
[SourceTitle "EXT 2014"]
[Source "ChessBase"]
[SourceDate "2013.11.20"]
[SourceVersion "1"]
[SourceVersionDate "2013.11.20"]
[SourceQuality "1"]

1. d4 d5 2. Nf3 e6 3. c4 c6 4. Qc2 f5 5. e3 Nf6 6. Bd3 Ne4 7. 0-0 Bd6 8. b3 Nd7 9. Ba3 Bc7 10. Ne1 Ndf6 11. f3 Nd6 12. Nc3 g6 13. Rd1 Nh5 14. e4 Nf4 15. g3 Nxd3 16. Qxd3 dxe4 17. fxe4 Bd7 18. Nf3 Kf7 19. d5 exd5 20. cxd5 fxe4 21. Nxe4 Nxe4 22. Qxe4 Kg7 23. dxc6 Bxc6 24. Bb2+ Kh6 25. Qe3+ 1-0

[Event "ESP-ch U16"]
[White "Buiza Prieto, Eihartze"]
[Black "Gutierrez Valero, Mario"]
[Site "Salobrena"]
[Round "1"]
[Result "0-1"]
[Date "2012.07.16"]
[WhiteElo "1755"]
[BlackElo "2135"]
[PlyCount "112"]
[EventDate "2012.07.16"]
[EventType "swiss"]
[EventRounds "9"]
[EventCountry "ESP"]
[SourceTitle "EXT 2014"]
[Source "ChessBase"]
[SourceDate "2013.11.20"]
[SourceVersion "1"]
[SourceVersionDate "2013.11.20"]
[SourceQuality "1"]

1. e4 c5 2. Nf3 Nc6 3. d4 cxd4 4. Nxd4 e5 5. Nb5 d6 6. N1c3 a6 7. Na3 Be7 8. Nd5 Nf6 9. Nxf6+ Bxf6 10. Nc4 Be7 11. Be3 b5 12. Bb6 Qd7 13. Ne3 0-0 14. Be2 Qb7 15. Nd5 Be6 16. Be3 Rab8 17. 0-0 Bd8 18. b3 Ne7 19. c4 Bxd5 20. cxd5 Bb6 21. Qd2 f5 22. f3 Qa7 23. Bxb6 Qxb6+ 24. Kh1 Rf6 25. a4 bxa4 26. bxa4 a5 27. Bb5 Rbf8 28. g3 fxe4 29. fxe4 Rf2 30. Qc3 Rc8 31. Qe1 Rxf1+ 32. Qxf1 Qd4 33. Qe1 Rc2 34. Rd1 Qb2 35. Qg1 Qb3 36. Rd3 Qb4 37. Re3 Qd2 38. Re2 Qc3 39. Rxc2 Qxc2 40. Qe1 g6 41. Qe2 Qb1+ 42. Kg2 Kg7 43. Be8 Ng8 44. Bb5 Nf6 45. Bd3 Qb4 46. Qc2 Qd4 47. Qc7+ Kh6 48. Qc1+ g5 49. Qf1 Kg7 50. Qb1 Qxa4 51. Qb7+ Kg6 52. Qc8 h6 53. Qf5+ Kg7 54. Qe6 Qb4 55. h4 Qd2+ 56. Kh3 g4+ 0-1

[Event "Andalucia-ch"]
[White "Montero Melendez, Rafael"]
[Black "Gutierrez Valero, Mario"]
[Site "Lucena"]
[Round "4"]
[Result "1-0"]
[Date "2012.04.28"]
[WhiteElo "2302"]
[BlackElo "2079"]
[PlyCount "87"]
[EventDate "2012.04.26"]
[EventType "swiss"]
[EventRounds "9"]
[EventCountry "ESP"]
[SourceTitle "EXT 2013"]
[Source "ChessBase"]
[SourceDate "2012.11.22"]
[SourceVersion "1"]
[SourceVersionDate "2012.11.22"]
[SourceQuality "1"]

1. g3 Nf6 2. Bg2 g6 3. d4 Bg7 4. e4 d6 5. Ne2 0-0 6. 0-0 e5 7. h3 Re8 8. Nbc3 c6 9. Be3 b5 10. a3 Nbd7 11. d5 cxd5 12. Nxd5 Bb7 13. Nec3 Nxd5 14. Nxd5 Nf6 15. Nxf6+ Qxf6 16. Qd3 a6 17. Rfd1 Red8 18. a4 b4 19. Qd2 Qe7 20. Qxb4 f5 21. Ra3 Rac8 22. Rad3 Bf8 23. c3 Qf7 24. exf5 Bxg2 25. Kxg2 gxf5 26. Bg5 Rd7 27. Qa5 Qg6 28. Qxa6 Rb8 29. Qc4+ Rf7 30. Bc1 Re8 31. Qh4 Qe6 32. c4 Be7 33. Bg5 Bxg5 34. Qxg5+ Rg7 35. Qh5 Rd8 36. Rd5 Qf6 37. Rxd6 Rxg3+ 38. fxg3 Rxd6 39. Rxd6 Qxd6 40. Qg5+ Kh8 41. Qxf5 Kg7 42. Qg4+ Kf7 43. Qf3+ Kg7 44. Qd5 1-0

[Event "Sevilla-ch U18"]
[White "Silva Lucena, Cristian"]
[Black "Gutierrez Valero, Mario"]
[Site "Utrera"]
[Round "5"]
[Result "1-0"]
[Date "2012.02.26"]
[WhiteElo "1753"]
[BlackElo "2074"]
[PlyCount "111"]
[EventDate "2012.01.29"]
[EventType "swiss"]
[EventRounds "7"]
[EventCountry "ESP"]
[SourceTitle "EXT 2014"]
[Source "ChessBase"]
[SourceDate "2013.11.20"]
[SourceVersion "1"]
[SourceVersionDate "2013.11.20"]
[SourceQuality "1"]

1. e4 c5 2. Nf3 Nc6 3. d4 cxd4 4. Nxd4 e5 5. Nb5 d6 6. N1c3 a6 7. Na3 Nf6 8. Bg5 b5 9. Nd5 Be7 10. Bxf6 Bxf6 11. c3 Bg5 12. Nc2 0-0 13. a4 bxa4 14. Rxa4 a5 15. Bc4 Rb8 16. b3 Kh8 17. Nce3 g6 18. 0-0 f5 19. Qd3 Bxe3 20. Nxe3 fxe4 21. Qxe4 Ne7 22. Rd1 Qb6 23. Qd3 Rf6 24. Ra2 Bb7 25. Bd5 Bxd5 26. Nxd5 Nxd5 27. Qxd5 Qxb3 28. Qxb3 Rxb3 29. Rxa5 Rxc3 30. f3 Rc6 31. Ra7 Kg8 32. Rd7 h5 33. h4 Kf8 34. Kf2 Ke8 35. Rh7 Rf7 36. Rh8+ Kd7 37. Rg8 Rf6 38. Rg7+ Ke6 39. Rg8 Rc2+ 40. Kg3 Rc5 41. Re1 Rc7 42. Rd1 Kf7 43. Rd8 Ke7 44. Rg8 Rd7 45. Rd2 Re6 46. Rd5 Kf7 47. Rh8 Ree7 48. Kf2 Ke6 49. Rd3 d5 50. Rg8 Kf7 51. Rb8 d4 52. Rb4 Ke6 53. f4 Rd6 54. fxe5 Kxe5 55. g3 Ke4 56. Re3+ 1-0

[Event "Andalucia-ch U18"]
[White "Gutierrez Valero, Mario"]
[Black "Valero Gutierrez, Alvaro"]
[Site "Almeria"]
[Round "5.6"]
[Result "1-0"]
[Date "2011.04.18"]
[WhiteElo "2055"]
[BlackElo "1902"]
[PlyCount "95"]
[EventDate "2011.04.16"]
[EventType "swiss"]
[EventRounds "8"]
[EventCountry "ESP"]
[SourceTitle "EXT 2024"]
[Source "ChessBase"]
[SourceDate "2023.10.10"]
[SourceVersion "1"]
[SourceVersionDate "2023.10.10"]
[SourceQuality "1"]

1. d4 Nf6 2. c4 c5 3. d5 e5 4. Nc3 d6 5. g3 g6 6. Bg2 Bg7 7. e4 a6 8. Nge2 Nbd7 9. 0-0 0-0 10. h3 Ne8 11. Be3 f5 12. Qd2 Ndf6 13. a4 fxe4 14. g4 Qe7 15. Ng3 h5 16. g5 Nd7 17. Ngxe4 Nb6 18. b3 Bf5 19. Kh2 Qd7 20. Rae1 Nc8 21. Qb2 Nc7 22. b4 b6 23. a5 cxb4 24. Qxb4 bxa5 25. Qxa5 Ne7 26. Rb1 Rfb8 27. Rb6 Bxe4 28. Nxe4 Rxb6 29. Bxb6 Ne8 30. Rd1 Nf5 31. c5 Nd4 32. c6 Qf7 33. Kh1 Qf4 34. Qc3 Rb8 35. Rb1 Nb5 36. Qa5 Nbc7 37. Rd1 Qf7 38. Bxc7 Rb5 39. Qxa6 Nxc7 40. Qc8+ Kh7 41. Nxd6 Qxf2 42. Nxb5 Nxb5 43. d6 Qe2 44. Rb1 Nxd6 45. Qd8 Ne4 46. c7 Qe3 47. c8Q Nxg5 48. Qc1 1-0